UCM

Mocambique (Record no. 26732)

MARC details
000 -LEADER
fixed length control field 00458nam a22001817a 4500
008 - FIXED-LENGTH DATA ELEMENTS--GENERAL INFORMATION
fixed length control field 111025t xxu||||| |||| 00| 0 eng d
080 ## - UNIVERSAL DECIMAL CLASSIFICATION NUMBER
Universal Decimal Classification number (047)330.34(679)
100 ## - MAIN ENTRY--PERSONAL NAME
Personal name PNUD
9 (RLIN) 637
245 ## - TITLE STATEMENT
Title Mocambique
Remainder of title relatorio nacional de desenvolvimento humano 1998
Statement of responsibility, etc PNUD
250 ## - EDITION STATEMENT
Edition statement s ed.
260 ## - PUBLICATION, DISTRIBUTION, ETC. (IMPRINT)
Place of publication, distribution, etc Maputo
Name of publisher, distributor, etc PNUD
Date of publication, distribution, etc 1998
300 ## - PHYSICAL DESCRIPTION
Extent 92p.
Other physical details
Accompanying material
300 ## - PHYSICAL DESCRIPTION
Other physical details
Accompanying material
300 ## - PHYSICAL DESCRIPTION
Dimensions
Type of unit
Size of unit
300 ## - PHYSICAL DESCRIPTION
Dimensions
Type of unit
Size of unit
650 ## - SUBJECT ADDED ENTRY--TOPICAL TERM
Topical term or geographic name as entry element economia
9 (RLIN) 247
942 ## - ADDED ENTRY ELEMENTS (KOHA)
Source of classification or shelving scheme Universal Decimal Classification
Koha item type Books

No items available.


Universidade Católica de Moçambique - Rua Marquês de Soveral, 960, Palmeiras II, Beira, Moçambique

Tel (Central): (+258) 23 313 077 - Fax: (+258) 23 311 520 - Email: reitoria@ucm.ac.mz - Web: www.ucm.ac.mz